Faculty of Law Library — Cairo University

Official Online Catalog

موسوعة تشريعات الغش والتدليس قانون قمع الغش والتدليس - غش الاغذية الغش التجاري - الغش الصناعي : (Record no. 76831)

MARC details
000 -LEADER
fixed length control field 02657nam a2200337 i 4500
003 - CONTROL NUMBER IDENTIFIER
control field EG-GICUC
005 - DATE AND TIME OF LATEST TRANSACTION
control field 20260513201443.0
008 - FIXED-LENGTH DATA ELEMENTS--GENERAL INFORMATION
fixed length control field 260513s1997 ua ||||fr|||| 00| 0 ara d
017 ## - COPYRIGHT OR LEGAL DEPOSIT NUMBER
Copyright or legal deposit number 96/3435
020 ## - INTERNATIONAL STANDARD BOOK NUMBER
International Standard Book Number 9771903683
040 ## - CATALOGING SOURCE
Original cataloging agency EG-GICUC
Language of cataloging ara
Transcribing agency EG-GICUC
Modifying agency EG-GICUC
Description conventions rda
041 ## - LANGUAGE CODE
Language code of text/sound track or separate title ara
Language code of original ara
082 04 - DEWEY DECIMAL CLASSIFICATION NUMBER
Edition number 21
Classification number 343.451
Item number م ج . م
092 04 - LOCALLY ASSIGNED DEWEY CALL NUMBER (OCLC)
Edition number 21
099 ## - LOCAL FREE-TEXT CALL NUMBER (OCLC)
Classification number Law1 10 343.451 م ج . م 1997
100 0# - MAIN ENTRY--PERSONAL NAME
Personal name مجدى محب حافظ
Relator term مؤلف.
245 10 - TITLE STATEMENT
Title موسوعة تشريعات الغش والتدليس قانون قمع الغش والتدليس - غش الاغذية الغش التجاري - الغش الصناعي :
Remainder of title في ضوء الفقه و احكام النقض و الادارية العليا و الدستورية العليا /
Statement of responsibility, etc. تأليف دكتور مجدى محب حافظ.
264 #1 - PRODUCTION, PUBLICATION, DISTRIBUTION, MANUFACTURE, AND COPYRIGHT NOTICE
Place of production, publication, distribution, manufacture لا يوجد مكان للنشر :
Name of producer, publisher, distributor, manufacturer لا يوجد ناشر محدد،
Date of production, publication, distribution, manufacture, or copyright notice 1997.
300 ## - PHYSICAL DESCRIPTION
Extent 810 صفحة ;
Dimensions 25 سم.
336 ## - CONTENT TYPE
Source rda content
Content type term text
337 ## - MEDIA TYPE
Source rda media
Media type term Computer
338 ## - CARRIER TYPE
Source rda carrier
Carrier type term Online Resource
504 ## - BIBLIOGRAPHY, ETC. NOTE
Bibliography, etc. note يشتمل على إرجاعات ببليوجرافية.
505 ## - FORMATTED CONTENTS NOTE
Formatted contents note شرح قانون الغش والتدليس ولائحته التنفيذية وكافة القرارات الوزارية المنقلة له والدفوع الجوهرية الهامة و قيرة و أوصاف الجرائم الواردة به قوانين الغش التجارى<br/>واللوائح التنفيذية وكافة القرارات الوزارية المنقلة لها وغيره و أوصاف الجرائم الواردة بها في قانون العلامات التجارية - القانون الوزن والقياس و الكيل - قانون المعادن الثمينة - فائرن<br/>البيوع التجارية - الغش في عقود التوريد -الغش في براءات الاختراع<br/>قوانين غش الاغذية<br/>واللوائح التنفيذية والقرارات الوزارية المنفذة الها و قيود وأوصاف الجرائم<br/>الواردة بها<br/>- هش الألي<br/>غش الألبان <br/>غش المياه الغازية والمثلجات <br/>غش الشاي بلبن<br/>غش الدخان والتبغ <br/>غش الاغذية الاخرى <br/>قوانين الغش الصناعي <br/>قانون تنظيم الصناعة والتوحيد القياسي - غش الكحول.
546 ## - LANGUAGE NOTE
Language note النص باللغة العربية
650 1# - SUBJECT ADDED ENTRY--TOPICAL TERM
Topical term or geographic name entry element القانون الجنائي
650 1# - SUBJECT ADDED ENTRY--TOPICAL TERM
Topical term or geographic name entry element قمع الغش والتدليس
856 40 - ELECTRONIC LOCATION AND ACCESS
Uniform Resource Identifier <a href="https://fll.law.cu.edu.eg/fulltext/bks/B10-12243.pdf">https://fll.law.cu.edu.eg/fulltext/bks/B10-12243.pdf</a>
905 ## - Cataloger and Reviser Names
Cataloger Name: Gomana
942 ## - ADDED ENTRY ELEMENTS (KOHA)
Source of classification or shelving scheme Dewey Decimal Classification
Suppress in OPAC No
Koha item type Books
Edition 21
Holdings
Withdrawn status Lost status Source of classification or shelving scheme Damaged status Not for loan Collection Home library Current library Date acquired Total checkouts Full call number Barcode Date last seen Copy number Price effective from Koha item type
    Dewey Decimal Classification   Not for loan القانون الجنائي جــــامعة القــاهرة مكتبة كلية الحقوق - المبنى الرئيسي 13.05.2026   Law1 10 343.451 م ج . م 1997 1012243 C1 B10-12243 13.05.2026 1 13.05.2026 Books

© All rights reserved — Faculty of Law, Cairo University